Pasts beyond memory : evolution museums colonialism

Αποθηκεύτηκε σε:
Λεπτομέρειες βιβλιογραφικής εγγραφής
Κύριος συγγραφέας: Bennett, Tony
Μορφή: Βιβλίο
Γλώσσα:English
Δημοσίευση: London : Routledge, 2004
Σειρά:Museum meanings
Θέματα:
Ετικέτες: Προσθήκη ετικέτας
Δεν υπάρχουν, Καταχωρήστε ετικέτα πρώτοι!

MARC

LEADER 00000nam a2200000 i 4500
001 1/99972
008 081222s2004 eng d
020 |a 0-415-24747-0 
035 |l 10102671 
040 |a GR-MY-UA  |b gre  |e aacr 
041 0 |a eng 
082 0 |a 069.01  |2 (22) 
100 1 |a Bennett, Tony. 
245 1 0 |a Pasts beyond memory :  |b evolution museums colonialism /  |c Tony Bennett 
260 |a London :   |b Routledge,   |c 2004 
300 |a xv, 233 σ.;  |b εικ.;  |c 26 εκ. 
490 1 |a Museum meanings 
504 |a Βιβλιογραφία: σ. 206-225 
504 |a Ευρετήριο: σ. 226-233 
650 0 0 |a Museums  |x Philosophy. 
650 0 0 |a Museums  |x Historiography. 
650 0 0 |a Museum techniques  |x Historiography. 
650 0 0 |a Museum exhibits  |x Technological innovations. 
650 0 0 |a Evolution  |x History  |y 19th century. 
650 0 0 |a Evolution  |x History  |y 20th century. 
650 0 0 |a Science  |x History  |y 19th century. 
650 0 0 |a Science  |x History  |y 20th century. 
650 0 0 |a Colonies  |x History  |y 19th century. 
650 0 0 |a Colonies  |x History  |y 20th century. 
830 0 |a Museum meanings 
852 |a INST  |b LESVOS  |e 20081222  |h 069.01 BEN  |p 005100043768  |q 005100043768  |t BK  |y 0 
901 |a BIBL1-2008-3 
909 |a Λ  |b 154145 
922 |a 1ΕΛΗ  |b 200809  |c ΕΠΕΑΕΚ2/ΠΤΕ  |d ΜΙΧΑΛΟΠΟΥΛΟΣ 
970 |a ΚΑΡΑ  |b ΓΙΑΣΕΜΗ  |z 2008/12/22